[Event "Enschede op-E U14"]
[Site "Enschede"]
[Date "2009.08.07"]
[Round "9"]
[White "Schroeder, Kevin"]
[Black "Sanders, Rebecca"]
[Result "1-0"]
[WhiteElo "1400"]
[BlackElo "794"]
[PlyCount "87"]
[EventDate "2009.08.03"]
[EventType "swiss"]
[EventRounds "9"]
[EventCountry "NED"]
[SourceTitle "CBM 132 Extra"]
[Source "ChessBase"]
[SourceDate "2009.11.03"]
[SourceVersion "1"]
[SourceVersionDate "2009.11.03"]
[SourceQuality "1"]

1. d4 d5 2. c4 c6 3. Nc3 e6 4. e4 Nf6 5. e5 Ne4 6. cxd5 exd5 7. Bd3 Nxc3 8. bxc3 Be7 9. Nf3 Bg4 10. h3 Bh5 11. 0-0 Bh4 12. Ba3 Qa5 13. Bb4 Qd8 14. Be2 Na6 15. Qb3 Be7 16. Bxe7 Qxe7 17. Bxa6 Bxf3 18. Qxb7 Qg5 19. Qxa8+ Ke7 20. Qxa7+ Ke6 21. g3 Qf5 22. Qb7 Qe4 23. Qxc6+ Kf5 24. Bc8+ Kg5 25. Qd7 Bh1 26. Qg4+ Kh6 27. Qxe4 Bxe4 28. f3 Bd3 29. e6 Bxf1 30. e7 Re8 31. Re1 Bb5 32. Bb7 Rb8 33. Bxd5 Kg6 34. c4 Ba4 35. c5 Kf6 36. c6 Re8 37. c7 Rc8 38. e8Q Bxe8 39. Rxe8 Rxe8 40. Bb7 Re1+ 41. Kf2 Rb1 42. c8Q Rb2+ 43. Ke3 Rxb7 44. Qd8+ 1-0

[Event "Enschede op-E U14"]
[Site "Enschede"]
[Date "2009.08.05"]
[Round "8"]
[White "Sanders, Rebecca"]
[Black "Bhattacharjee, Sourav"]
[Result "1-0"]
[WhiteElo "794"]
[BlackElo "1366"]
[PlyCount "75"]
[EventDate "2009.08.03"]
[EventType "swiss"]
[EventRounds "9"]
[EventCountry "NED"]
[SourceTitle "CBM 132 Extra"]
[Source "ChessBase"]
[SourceDate "2009.11.03"]
[SourceVersion "1"]
[SourceVersionDate "2009.11.03"]
[SourceQuality "1"]

1. e4 e5 2. Nf3 Nc6 3. Bb5 Nf6 4. Nc3 Bc5 5. Nxe5 Bxf2+ 6. Kxf2 Nxe5 7. Rf1 0-0 8. Kg1 c6 9. Be2 Qb6+ 10. Kh1 d5 11. exd5 cxd5 12. b3 Re8 13. Ba3 d4 14. Nb5 Be6 15. c3 d3 16. Bxd3 Nxd3 17. c4 Nf2+ 18. Rxf2 Qxf2 19. Nc7 Bg4 20. Qg1 Rac8 21. Qxf2 Rxc7 22. h3 Bh5 23. Qg3 Rd7 24. Bb2 Bg6 25. Bxf6 gxf6 26. Rf1 Rxd2 27. Rxf6 Rd1+ 28. Kh2 Ree1 29. Qb8+ Kg7 30. Qf4 Re4 31. Qf3 Rb1 32. Rd6 Re7 33. Qf6+ Kg8 34. Qxe7 Kg7 35. Qf6+ Kh6 36. Qf4+ Kg7 37. Qd4+ Kh6 38. Qxa7 1-0